<?xml version="1.0" encoding="UTF-8"?>
<record
    xmlns:xsi="http://www.w3.org/2001/XMLSchema-instance"
    xsi:schemaLocation="http://www.loc.gov/MARC21/slim http://www.loc.gov/standards/marcxml/schema/MARC21slim.xsd"
    xmlns="http://www.loc.gov/MARC21/slim">

  <leader>02834nam a2200277 a 4500</leader>
  <controlfield tag="003">OSt</controlfield>
  <controlfield tag="005">20251110135307.0</controlfield>
  <controlfield tag="007">cr ||||||a|c|a</controlfield>
  <controlfield tag="008">230526s2020    mx ||||fom||| 001 0 s   d</controlfield>
  <datafield tag="040" ind1=" " ind2=" ">
    <subfield code="e">rda</subfield>
  </datafield>
  <datafield tag="100" ind1="1" ind2=" ">
    <subfield code="9">187228</subfield>
    <subfield code="a">Ulloa Leit&#xF3;n, Alonso</subfield>
  </datafield>
  <datafield tag="245" ind1="1" ind2="0">
    <subfield code="a">Manejo integral de las gl&#xF3;quidas del nopal tunero /</subfield>
    <subfield code="c">Por Alonso Ulloa Leit&#xF3;n; director de tesis Mar&#xED;a Edna &#xC1;lvarez S&#xE1;nchez</subfield>
  </datafield>
  <datafield tag="264" ind1=" " ind2=" ">
    <subfield code="a">Chapingo, M&#xE9;xico :</subfield>
    <subfield code="b">El autor,</subfield>
    <subfield code="c">2020.</subfield>
  </datafield>
  <datafield tag="300" ind1=" " ind2=" ">
    <subfield code="a">1 recurso en l&#xED;nea (86 p&#xE1;ginas):</subfield>
    <subfield code="b">Cuadros y figuras.</subfield>
  </datafield>
  <datafield tag="336" ind1=" " ind2=" ">
    <subfield code="2">rdacontent</subfield>
    <subfield code="a">texto</subfield>
    <subfield code="b">txt</subfield>
  </datafield>
  <datafield tag="337" ind1=" " ind2=" ">
    <subfield code="2">rdamedia</subfield>
    <subfield code="a">computadora</subfield>
    <subfield code="b">c</subfield>
  </datafield>
  <datafield tag="338" ind1=" " ind2=" ">
    <subfield code="2">rdacarrier</subfield>
    <subfield code="a">recurso en l&#xED;nea</subfield>
    <subfield code="b">cr</subfield>
  </datafield>
  <datafield tag="502" ind1=" " ind2=" ">
    <subfield code="b">MCADS</subfield>
    <subfield code="c">Suelos</subfield>
    <subfield code="d">2020</subfield>
    <subfield code="g">MAE</subfield>
  </datafield>
  <datafield tag="504" ind1=" " ind2=" ">
    <subfield code="a">Incluye referencias bibliogr&#xE1;ficas: p&#xE1;ginas -44-47-61-62-64-71.</subfield>
  </datafield>
  <datafield tag="520" ind1=" " ind2=" ">
    <subfield code="a">Las gl&#xF3;quidas de la tuna es un residuo org&#xE1;nico que se deriva del beneficiado del fruto previo a su comercializaci&#xF3;n. Este residuo se desecha en bolsas pl&#xE1;sticas a la orilla de plantaciones o en basureros no regulados donde se acumula debido a su alta resistencia a la degradaci&#xF3;n natural y a la combusti&#xF3;n. El objetivo de la presente investigaci&#xF3;n fue estudiar la estructura, morfolog&#xED;a y composici&#xF3;n qu&#xED;mica de las gl&#xF3;quidas de tuna para evaluar su aprovechamiento como insumo con valor agregado a partir de su hidr&#xF3;lisis &#xE1;cida o alcalina. La estructura externa de las gl&#xF3;quidas se observ&#xF3; por MEB (Microscopio Electr&#xF3;nico de Barrido) y se encontr&#xF3; que poseen barbas retrorsas. Las dimensiones de las gl&#xF3;quidas en cortes transversales y longitudinales en microscopio son de 67.3 &#xB1; 9.56 &#x3BC;m y 1667 &#xB1; 292 &#x3BC;m, respectivamente. Los an&#xE1;lisis qu&#xED;micos indicaron que su composici&#xF3;n estructural es 41.15% celulosa, 41.20% hemicelulosa y 5.27% lignina; y su densidad de 0.157 g mL-1. Los mayores porcentajes de degradaci&#xF3;n y obtenci&#xF3;n de az&#xFA;cares reductores totales se obtuvieron a partir de la hidr&#xF3;lisis con &#xC1;cido Sulf&#xFA;rico, &#xC1;cido Fosf&#xF3;rico e Hidr&#xF3;xido de Potasio. Estas soluciones fueron evaluadas como fertilizantes foliares en la calidad de rosas y de tuna. El impacto ambiental para el municipio de Nopaltepec se proyect&#xF3; mediante un modelo de regresi&#xF3;n lineal Y= 0.5628 X, donde se obtuvo 80.1 t de gl&#xF3;quidas para el periodo 2010-2015. En la aplicaci&#xF3;n de los fertilizantes foliares (a partir del hidr&#xF3;lisis de las gl&#xF3;quidas) en el cultivo de rosas, se encontr&#xF3; diferencia de ped&#xFA;nculo. Las gl&#xF3;quidas tienen potencial de reintegrarse como insumo nutrimental en cultivos.</subfield>
  </datafield>
  <datafield tag="650" ind1=" " ind2="4">
    <subfield code="9">136060</subfield>
    <subfield code="a">Residuos org&#xE1;nicos</subfield>
    <subfield code="x">Aprovechamiento</subfield>
  </datafield>
  <datafield tag="650" ind1=" " ind2="4">
    <subfield code="9">156453</subfield>
    <subfield code="a">Fertilizantes org&#xE1;nicos</subfield>
    <subfield code="x">Producci&#xF3;n  </subfield>
  </datafield>
  <datafield tag="700" ind1="1" ind2=" ">
    <subfield code="9">4983</subfield>
    <subfield code="a">Alvarez S&#xE1;nchez, Mar&#xED;a Edna</subfield>
    <subfield code="e">director.</subfield>
  </datafield>
  <datafield tag="856" ind1=" " ind2=" ">
    <subfield code="u">http://10.13.5.2/tesis/tm/Ulloa_Leiton_Alonso.pdf</subfield>
    <subfield code="z">DESCARGAR PDF</subfield>
  </datafield>
  <datafield tag="942" ind1=" " ind2=" ">
    <subfield code="2">Clasificaci&#xF3;n Universidad Aut&#xF3;noma Chapingo</subfield>
    <subfield code="c">TD</subfield>
  </datafield>
  <datafield tag="999" ind1=" " ind2=" ">
    <subfield code="c">218844</subfield>
    <subfield code="d">218844</subfield>
  </datafield>
  <datafield tag="952" ind1=" " ind2=" ">
    <subfield code="0">0</subfield>
    <subfield code="1">0</subfield>
    <subfield code="2">local</subfield>
    <subfield code="4">0</subfield>
    <subfield code="5">1</subfield>
    <subfield code="7">0</subfield>
    <subfield code="8">TesDigM</subfield>
    <subfield code="a">BD</subfield>
    <subfield code="b">BD</subfield>
    <subfield code="c">E_L</subfield>
    <subfield code="d">2023-05-26</subfield>
    <subfield code="l">0</subfield>
    <subfield code="o">Tesis digital</subfield>
    <subfield code="r">2023-05-26 00:00:00</subfield>
    <subfield code="w">2023-05-26</subfield>
    <subfield code="y">TD</subfield>
  </datafield>
</record>
